Countries of Oceania by Historical flags - Statistics

General Stats
  • This quiz has been taken 12 times
  • The average score is 9 of 14
Answer Stats
Picture Hint Answer % Correct
1918 representation Australia
88%
1871-1874 Fiji
88%
1858-1862 Tonga
75%
1892-1976 Tuvalu
75%
1889-1892 Kiribati
63%
1888-1914 Nauru
63%
1834-1840 New Zealand
63%
1899-1901 Palau
63%
1914 Samoa
63%
1963 Solomon islands
63%
1887-1996 Vanuatu
63%
1965-1979 Marshall islands
50%
1885-1899 Micronesia
50%
1526-1545 Papua new Guinea
38%
No matching quizzes found
Score Distribution
Percent of People with Each Score
Percentile by Number Answered
Your Score History
You have not taken this quiz